<?xml version='1.0' encoding='UTF-8'?><?xml-stylesheet href='static/style.xsl' type='text/xsl'?><OAI-PMH xmlns="http://www.openarchives.org/OAI/2.0/" xmlns:xsi="http://www.w3.org/2001/XMLSchema-instance" xsi:schemaLocation="http://www.openarchives.org/OAI/2.0/ http://www.openarchives.org/OAI/2.0/OAI-PMH.xsd"><responseDate>2026-05-01T02:42:27Z</responseDate><request verb="GetRecord" identifier="oai:ebiltegia.mondragon.edu:20.500.11984/6483" metadataPrefix="marc">https://ebiltegia.mondragon.edu/oai/request</request><GetRecord><record><header><identifier>oai:ebiltegia.mondragon.edu:20.500.11984/6483</identifier><datestamp>2024-06-18T06:39:21Z</datestamp><setSpec>com_20.500.11984_6401</setSpec><setSpec>com_20.500.11984_6078</setSpec><setSpec>col_20.500.11984_6405</setSpec></header><metadata><record xmlns="http://www.loc.gov/MARC21/slim" xmlns:dcterms="http://purl.org/dc/terms/" xmlns:xsi="http://www.w3.org/2001/XMLSchema-instance" xmlns:doc="http://www.lyncode.com/xoai" xsi:schemaLocation="http://www.loc.gov/MARC21/slim http://www.loc.gov/standards/marcxml/schema/MARC21slim.xsd">
   <leader>00925njm 22002777a 4500</leader>
   <datafield ind2=" " ind1=" " tag="042">
      <subfield code="a">dc</subfield>
   </datafield>
   <datafield ind2=" " ind1=" " tag="260">
      <subfield code="c">2024</subfield>
   </datafield>
   <datafield ind2=" " ind1=" " tag="520">
      <subfield code="a">Climate change and resource scarcity require companies and other stakeholders to operate more sustainably. The development of new sustainable business models can play a crucial role in achieving the necessary transformation. Business models for sustainability (BMfS) in general, and circular business models (CBM) in specific, generally describe the way in which companies create, deliver, and capture value within a broader system of stakeholders. Compared to traditional business models, BMfS and CBM are more interdependent and interconnected. This calls for a more systemic perspective in their development. In the literature, process models for business model innovation (BMI) have been discussed to describe the necessary steps from ideation to implementation of new business models. However, so far, no specific focus has been put on the consideration of systemic perspective in such process models. Therefore, we first conduct a systematic literature review to identify 27 existing process models for BMI in the context of sustainability. We then map the discussed process phases and synthesize them into a holistic process model for BMI for sustainability (BMIfS) consisting of 11 phases. Each phase is explained in detail by assigning relevant tasks and activities. Lastly, we identify activities relevant to the systemic perspective and discuss further potentials for a systemic perspective. The paper contributes to the growing literature on sustainability-oriented BMI, provides guidance for decision-makers, and offers a new research avenue by focusing on the systemic perspective of the underlying process.</subfield>
   </datafield>
   <datafield ind1="8" ind2=" " tag="024">
      <subfield code="a">https://hdl.handle.net/20.500.11984/6483</subfield>
   </datafield>
   <datafield tag="653" ind2=" " ind1=" ">
      <subfield code="a">business models for sustainability</subfield>
   </datafield>
   <datafield tag="653" ind2=" " ind1=" ">
      <subfield code="a">circular business models</subfield>
   </datafield>
   <datafield tag="653" ind2=" " ind1=" ">
      <subfield code="a">business model innovation</subfield>
   </datafield>
   <datafield tag="653" ind2=" " ind1=" ">
      <subfield code="a">process model</subfield>
   </datafield>
   <datafield tag="653" ind2=" " ind1=" ">
      <subfield code="a">systemic perspective</subfield>
   </datafield>
   <datafield tag="653" ind2=" " ind1=" ">
      <subfield code="a">systems thinking</subfield>
   </datafield>
   <datafield tag="653" ind2=" " ind1=" ">
      <subfield code="a">literature reviews</subfield>
   </datafield>
   <datafield tag="653" ind2=" " ind1=" ">
      <subfield code="a">full papers</subfield>
   </datafield>
   <datafield tag="653" ind2=" " ind1=" ">
      <subfield code="a">THEME 4: Exploring theoretical and methodological foundations</subfield>
   </datafield>
   <datafield ind2="0" ind1="0" tag="245">
      <subfield code="a">Systemic Perspective in Process Models for Sustainability-Oriented Business Model Innovation</subfield>
   </datafield>
</record></metadata></record></GetRecord></OAI-PMH>